Ditloids - Statistics

General Stats
  • This quiz has been taken 115 times
  • The average score is 11 of 15
Answer Stats
Hint Answer % Correct
365 D in a Y Days, Year
99%
24 H in a D Hours, Day
95%
60 M in a H Minutes, Hour
93%
26 L in the A Letters, Alphabet
90%
7 W of the W Wonders, World
88%
12 S in the Z Signs, Zodiac
80%
13 in a B D Baker's, Dozen
76%
S W and the 7 D Snow White, Dwarves
73%
3 B M Blind Mice
72%
52 C in a D Cards, Deck
68%
64 S on a C B Squares, Chess Board
56%
90 D in a R A Degrees, Right Angle
52%
18 H on a G C Holes, Golf Course
49%
5 T on a F Toes, Foot
47%
9 L of a C Lives, Cat
46%
No matching quizzes found
Score Distribution
Percent of People with Each Score
Percentile by Number Answered
Your Score History
You have not taken this quiz